Indian Geography Multiple Choice - Statistics

General Stats
  • This quiz has been taken 308 times
    255 since last reset
  • The average score is 8 of 15
Answer Stats
Question Answer % Correct
Which of these cities is located on the banks of the Ganga River? Varanasi
80%
Indian Freedom Fighter to which the below Statue is Dedicated.
Sardar Vallabhai Patel
78%
City which is the joint-capital of two Indian States. Chandigarh
75%
North Indian City where the rivers Ganga, Yamuna and Saraswati Converge. Prayagraj
70%
True or False: The Population of Uttar Pradesh is greater than Russia. True
68%
Which of these is NOT a Tributary of the Indus River? Yamuna
67%
With Reference to UTC, what time zone does India fall under? + 5:30
65%
True or False : Kolkata is located North of the Tropic of Cancer False
47%
Which Mountain Range is considered the oldest Mountain Range of India? Aravali
42%
The Longest River of Peninsular India Godavari
42%
Which of these States/ Union territories is smallest in Area? Puducherry
42%
Country with which India shares its longest international border Bangladesh
40%
What is the demarcation line between Tibet and the North-east region of India called? McMahon Line
38%
Which of the following Territories does not Border Mizoram? Nagaland
32%
Which of these is the Westernmost Point of India? Sir Creek
28%
No matching quizzes found
Score Distribution
Percent of People with Each Score
Percentile by Number Answered
Your Score History
You have not taken this quiz since the last reset